| 000 | 02090cam a22005054i 4500 | ||
|---|---|---|---|
| 003 | PE-LiUPU | ||
| 005 | 20250731180102.0 | ||
| 008 | 150617s r 000 0 d | ||
| 020 | _a968180144X | ||
| 035 | _a(Sirsi) i9789681801441 | ||
| 040 |
_aPE-LiUPU _bspa _cPE-LiUPU _erda |
||
| 049 | _aPRUA | ||
| 082 | 0 | 4 |
_a543.28 _bF83 _221 |
| 245 | 0 | 0 |
_aQuímica analítica cuantitativa. / _ceditores; James S. Fritz, George H. Jeannina. |
| 264 | 1 |
_aMéxico : _bLimusa, _c1992. |
|
| 300 |
_a786 páginas ; _c25 centímetros |
||
| 336 |
_atext _2rdacontent |
||
| 337 |
_aunmediated _2rdamedia |
||
| 338 |
_avolume _2rdacarrier |
||
| 504 | _aIncluye bibliografía. | ||
| 505 | 0 | _aPasos a seguir en un análisis químico. -Manejo de los datos analíticos. -Métodos de análisis gravimétricos. -Métodos de análisis colorimétrico y espectrofotométrico. -Métodos volumétricos de análisis (titulación). -Equilibrio químico. -Equilibrio ácido-base. -Titulaciones ácido-base. -Titulaciones con formación de precipitado. -Complejos y titulaciones con formación de complejos. -Teoría de las reacciones y titulaciones de oxidorreducción. -Titulaciones de oxidorreducción. -Aplicaciones de las velocidades de reacción. -Métodos eléctricos de separación y análisis. -Determinaciones potenciométricas con electrodos selectivos de iones. -Extracción líquido-líquido. -Principios de cromatografía. -Cromatografía de líquidos. -Intercambio iónico en química analítica. | |
| 526 | _aSEG44 | ||
| 526 | _aSEG26 | ||
| 526 | _aP159 | ||
| 526 | _aP155 | ||
| 526 | _aP154 | ||
| 526 | _aP153 | ||
| 526 | _aP150 | ||
| 526 | _aP100 | ||
| 526 | _aP31 | ||
| 526 | _aP30 | ||
| 526 | _aP26 | ||
| 526 | _aP25 | ||
| 526 | _aP24 | ||
| 526 | _aP22 | ||
| 526 | _aP15 | ||
| 526 | _aP10 | ||
| 650 | 0 | 4 |
_aQuímica analítica _xCuantitativa. |
| 700 |
_aFritz, James S. _eeditor. _96127 |
||
| 700 |
_aGeorge H. Schenk. _eeditor. _96128 |
||
| 942 |
_2ddc _cBK |
||
| 999 |
_c17395 _d17395 |
||
| 980 |
_81 _gALBERTO SANCHEZ Responsable de Automatización |
||